<?xml version="1.0" encoding="UTF-8"?><?xml-stylesheet type="text/xsl" href="static/style.xsl"?><OAI-PMH xmlns="http://www.openarchives.org/OAI/2.0/" xmlns:xsi="http://www.w3.org/2001/XMLSchema-instance" xsi:schemaLocation="http://www.openarchives.org/OAI/2.0/ http://www.openarchives.org/OAI/2.0/OAI-PMH.xsd"><responseDate>2026-04-29T04:08:59Z</responseDate><request verb="GetRecord" identifier="oai:repisalud.isciii.es:20.500.12105/8295" metadataPrefix="marc">https://repisalud.isciii.es/rest/oai/request</request><GetRecord><record><header><identifier>oai:repisalud.isciii.es:20.500.12105/8295</identifier><datestamp>2024-10-17T14:22:02Z</datestamp><setSpec>com_20.500.12105_25181</setSpec><setSpec>com_20.500.12105_6723</setSpec><setSpec>com_20.500.12105_2337</setSpec><setSpec>com_20.500.12105_2336</setSpec><setSpec>col_20.500.12105_25182</setSpec></header><metadata><record xmlns="http://www.loc.gov/MARC21/slim" xmlns:dcterms="http://purl.org/dc/terms/" xmlns:doc="http://www.lyncode.com/xoai" xmlns:xsi="http://www.w3.org/2001/XMLSchema-instance" xsi:schemaLocation="http://www.loc.gov/MARC21/slim http://www.loc.gov/standards/marcxml/schema/MARC21slim.xsd">
   <leader>00925njm 22002777a 4500</leader>
   <datafield ind2=" " ind1=" " tag="042">
      <subfield code="a">dc</subfield>
   </datafield>
   <datafield ind2=" " ind1=" " tag="720">
      <subfield code="a">Adam, Paula</subfield>
      <subfield code="e">author</subfield>
   </datafield>
   <datafield ind2=" " ind1=" " tag="260">
      <subfield code="c">2019-07-02</subfield>
   </datafield>
   <datafield ind2=" " ind1=" " tag="520">
      <subfield code="a">Convocatorias del PERIS y plan estratégico. SARIS –Sistema de EVALUACIÓN RESPONSABLE. Participación del paciente en investigación. Experiencia piloto: Incorporación de pacientes en los paneles de evaluación de convocatorias PERIS 2019.  ¿En qué puede mejorar el PERIS?   Incorporar nuevas visiones en la avaluación. Enriquecer el proceso. Investigación responsable.  Mejorar el impacto en salud de las propuestas financiadas. Fomentar el dialogo. Hay que hacer un primer paso</subfield>
   </datafield>
   <datafield ind1="8" ind2=" " tag="024">
      <subfield code="a">Participación del paciente en Evaluación de Convocatorias. Experiencia piloto. Encuentro RRI en España y su modelo de incorporación en los institutos de investigación sanitaria. 2019</subfield>
   </datafield>
   <datafield ind1="8" ind2=" " tag="024">
      <subfield code="a">http://hdl.handle.net/20.500.12105/8295</subfield>
   </datafield>
   <datafield tag="653" ind2=" " ind1=" ">
      <subfield code="a">PERIS</subfield>
   </datafield>
   <datafield tag="653" ind2=" " ind1=" ">
      <subfield code="a">Evaluación responsable</subfield>
   </datafield>
   <datafield ind2="0" ind1="0" tag="245">
      <subfield code="a">Participación del paciente en Evaluación de Convocatorias. Experiencia piloto. Mesa redonda: Participación ciudadana en la investigación biomédica. Encuentro RRI en España y su modelo de incorporación en los institutos de investigación sanitaria. Universidad Internacional Menéndez Pelayo del 1 al 3 de julio de 2019</subfield>
   </datafield>
</record></metadata></record></GetRecord></OAI-PMH>